| 000 | 00732nam a2200241 a 4500 | ||
|---|---|---|---|
| 001 | BRCA_7466 | ||
| 005 | 20190320205840.0 | ||
| 008 | 180413s1952----mx-a######---#000-0#spa-# | ||
| 041 | _aspa | ||
| 044 | _amx | ||
| 050 | 4 |
_aF1219.3 _b.M43 1952 |
|
| 245 | 1 | 0 |
_aMedicina precortesiana _cprefacio por Daniel F. Rubin de la Borbolla ; introd. por Marc Jost. |
| 260 |
_aMéxico _bGrupo Roussel _c1952 |
||
| 300 |
_a24 p. _bil. a color, 17 láminas |
||
| 500 | _aEjemplar numerado 26 de 15,000 | ||
| 500 | _aQ224 | ||
| 650 | 1 | 4 |
_aIndígenas de México _xMedicina _918381 |
| 650 | 1 | 4 |
_aMedicina _98143 |
| 700 | 1 |
_aRubin de la Borbolla, Daniel Fernando _d1907- _918382 |
|
| 700 | 1 |
_aJost, Marc _918383 |
|
| 902 | _aGFM | ||
| 942 |
_2lcc _cB |
||
| 999 |
_c7142 _d7142 |
||